00665nam a2200217Ia 4500008004100000020001500041050001100056050001400067100001800081245002200099245001800121260002800139260001500167260000900182300001600191650004200207650003200249650003300281999001900314952011400333160319s9999 xx 000 0 und d a9715690165 a899.21 bJ62p 1991 aJoaquin, Nick aProse and poems/  cNick Joaquin. aMakati, Metro Manila :  bBookmark,  c1991 a475 pages : a*Short stories, Philippine (English). aPhilippine drama (English). aPhilippine poetry (English). c292205d292205 001040aSSISBbSSISBcFILd2016-03-19l0oFil 899.21 J62p 1991pUS 0332r2016-03-19 00:00:00w2016-03-19yBK